[Event "Samnaun"]
[Site "Samnaun"]
[Date "2004.07.16"]
[Round "9"]
[White "Nemet, Ivan"]
[Black "Gerber, Richard"]
[Result "1-0"]
[WhiteElo "2364"]
[BlackElo "2412"]
[PlyCount "58"]
[EventDate "2004.07.08"]
[EventType "tourn"]
[EventRounds "10"]
[EventCountry "SUI"]
[EventCategory "6"]
[SourceTitle "CBM 101 Extra"]
[Source "ChessBase"]
[SourceDate "2004.09.01"]
[SourceVersion "2"]
[SourceVersionDate "2004.09.01"]
[SourceQuality "1"]

1. d4 e6 2. e4 d5 3. Nc3 dxe4 4. Nxe4 Nd7 5. Nf3 Ngf6 6. Nxf6+ Nxf6 7. c3 a6 8. Ne5 Nd7 9. Bd3 Nxe5 10. dxe5 Qd5 11. Qe2 Qxg2 12. Be4 Qh3 13. Be3 Qh4 14. Qf3 Rb8 15. 0-0-0 f5 16. Bc6+ Kf7 17. Ba7 Ra8 18. Bxb7 Rxa7 19. Bxc8 Qh6+ 20. Kc2 Be7 21. Bb7 Rb8 22. Bc6 a5 23. Rd7 a4 24. Rhd1 Qxh2 25. Qe3 Ra5 26. Rxe7+ Kxe7 27. Qg5+ Kf8 28. Rd8+ Rxd8 29. Qxd8+ Kf7 1-0

[Event "Samnaun"]
[Site "Samnaun"]
[Date "2004.07.10"]
[Round "3"]
[White "Hochstrasser, Michael"]
[Black "Nemet, Ivan"]
[Result "1/2-1/2"]
[WhiteElo "2389"]
[BlackElo "2360"]
[PlyCount "63"]
[EventDate "2004.07.08"]
[EventType "tourn"]
[EventRounds "10"]
[EventCountry "SUI"]
[EventCategory "6"]
[SourceTitle "CBM 101 Extra"]
[Source "ChessBase"]
[SourceDate "2004.09.01"]
[SourceVersion "2"]
[SourceVersionDate "2004.09.01"]
[SourceQuality "1"]

1. d4 Nf6 2. c4 c5 3. d5 b5 4. cxb5 a6 5. f3 g6 6. e4 Bg7 7. Na3 0-0 8. Ne2 e6 9. d6 axb5 10. Nxb5 Na6 11. Bg5 h6 12. Bh4 Qb6 13. Nec3 Bb7 14. Qd2 Bc6 15. Na3 Nb4 16. Nc4 Qb7 17. Be2 Nxe4 18. fxe4 Bxe4 19. 0-0 Bxg2 20. Bf6 Bxf1 21. Rxf1 Nxa2 22. Ne5 Nxc3 23. Qxc3 Bxf6 24. Rxf6 Ra1+ 25. Bf1 Qe4 26. Nxd7 Rd8 27. Rxf7 Qg4+ 28. Kh1 Qe4+ 29. Kg1 Qg4+ 30. Kh1 Qe4+ 31. Kg1 Qg4+ 32. Kh1 1/2-1/2

[Event "Mitropa Cup 23th"]
[Site "Zemplinska Sirava"]
[Date "2004.06.02"]
[Round "5.3"]
[White "Nemet, Ivan"]
[Black "Seel, Christian"]
[Result "0-1"]
[WhiteElo "2361"]
[BlackElo "2433"]
[PlyCount "76"]
[EventDate "2004.05.29"]
[EventType "team-tourn"]
[EventRounds "9"]
[EventCountry "SVK"]
[SourceTitle "CBM 100 Extra"]
[Source "ChessBase"]
[SourceDate "2004.07.06"]
[SourceVersion "2"]
[SourceVersionDate "2004.07.06"]
[SourceQuality "1"]
[WhiteTeam "Switzerland"]
[BlackTeam "Germany"]
[WhiteTeamCountry "SUI"]
[BlackTeamCountry "GER"]

1. d4 Nf6 2. Nf3 g6 3. c4 Bg7 4. Nc3 d5 5. Qb3 dxc4 6. Qxc4 0-0 7. e4 Na6 8. Bg5 c5 9. Bxf6 Bxf6 10. e5 cxd4 11. 0-0-0 Bg7 12. Rxd4 Qa5 13. Qb5 Qxb5 14. Bxb5 Nc7 15. Bc4 Bf5 16. g4 Bh6+ 17. g5 Bg7 18. Bb3 Rac8 19. Kd2 Rfd8 20. Re1 Rxd4+ 21. Nxd4 Rd8 22. Ke3 Bxe5 23. Nxf5 gxf5 24. Kf3 Rd3+ 25. Kg2 Bxc3 26. bxc3 e6 27. h4 Nd5 28. Bxd5 Rxd5 29. Rb1 b6 30. Rb4 Kg7 31. Rc4 Rc5 32. Ra4 a5 33. Rd4 Rxc3 34. h5 Ra3 35. Rd8 Rxa2 36. Kg3 h6 37. f4 hxg5 38. fxg5 Ra4 0-1

[Event "SUI-chT"]
[Site "Switzerland"]
[Date "2004.05.02"]
[Round "4.4"]
[White "Nemet, Ivan"]
[Black "Brunner, Lucas"]
[Result "0-1"]
[WhiteElo "2383"]
[BlackElo "2485"]
[PlyCount "80"]
[EventDate "2004.02.29"]
[EventType "team-tourn"]
[EventRounds "9"]
[EventCountry "SUI"]
[SourceTitle "EXT 2005"]
[Source "ChessBase"]
[SourceDate "2004.11.15"]
[SourceVersion "1"]
[SourceVersionDate "2004.11.15"]
[SourceQuality "1"]
[WhiteTeam "Riehen"]
[BlackTeam "Zuerich"]
[WhiteTeamCountry "SUI"]
[BlackTeamCountry "SUI"]

1. d4 Nf6 2. Nc3 d5 3. Bg5 Nbd7 4. Nf3 g6 5. Ne5 Bg7 6. Qd2 c6 7. Bh6 Bxh6 8. Qxh6 Nxe5 9. dxe5 Ng4 10. Qg7 Rf8 11. h3 Nxf2 12. Kxf2 Qb6+ 13. e3 Qxb2 14. Nxd5 cxd5 15. Bd3 a6 16. Rhf1 Qc3 17. Rab1 b5 18. Kg1 Qc5 19. Kh1 Be6 20. Qh6 Kd7 21. a4 Rfb8 22. axb5 axb5 23. Rb3 Ra3 24. Rb2 b4 25. Rfb1 d4 26. exd4 Qxd4 27. Qd2 Kc7 28. Qe1 Rc3 29. Qe2 b3 30. Rd1 Bd5 31. cxb3 Rbxb3 32. Rbd2 Qc5 33. Be4 Be6 34. Bd5 Re3 35. Qa6 Bc8 36. Qa1 Rbc3 37. Bxf7 Bxh3 38. e6 Bxg2+ 39. Rxg2 Rh3+ 40. Rh2 Rxh2+ 0-1

[Event "SUI-chT"]
[Site "Switzerland"]
[Date "2004.04.18"]
[Round "3.2"]
[White "Atlas, Valeri"]
[Black "Nemet, Ivan"]
[Result "1-0"]
[WhiteElo "2471"]
[BlackElo "2361"]
[PlyCount "115"]
[EventDate "2004.02.29"]
[EventType "team-tourn"]
[EventRounds "9"]
[EventCountry "SUI"]
[SourceTitle "EXT 2005"]
[Source "ChessBase"]
[SourceDate "2004.11.15"]
[SourceVersion "1"]
[SourceVersionDate "2004.11.15"]
[SourceQuality "1"]
[WhiteTeam "Luzern"]
[BlackTeam "Riehen"]
[WhiteTeamCountry "SUI"]
[BlackTeamCountry "SUI"]

1. e4 c5 2. Nf3 d6 3. d4 cxd4 4. Nxd4 Nf6 5. Nc3 a6 6. g3 Nc6 7. Bg2 Bg4 8. Nde2 g6 9. h3 Bxe2 10. Qxe2 Bg7 11. 0-0 0-0 12. Nd5 Nd7 13. c3 Rc8 14. Rd1 Nc5 15. Bg5 h6 16. Be3 Na4 17. Rac1 e6 18. Nf4 b5 19. Rc2 Qc7 20. Rdc1 Rfd8 21. Nd3 Qe7 22. h4 h5 23. Kh1 Ne5 24. Nxe5 Bxe5 25. f4 Bg7 26. Bf2 Qc7 27. g4 hxg4 28. Qxg4 Qe7 29. h5 gxh5 30. Qxh5 Qf6 31. Qg4 Qg6 32. Qxg6 fxg6 33. f5 Be5 34. fxe6 Rc7 35. Bh3 Nc5 36. Rg1 Kg7 37. Bxc5 dxc5 38. Rcg2 Kh8 39. Rxg6 Rh7 40. Kg2 b4 41. Kf1 bxc3 42. bxc3 Bxc3 43. R1g3 Be5 44. R3g5 Bd6 45. Bf5 c4 46. e5 Be7 47. Rg3 Rf8 48. Kg2 Bc5 49. Rf6 Rh4 50. Rf7 Rb8 51. Rc3 Rb2+ 52. Rc2 Rxc2+ 53. Bxc2 Rd4 54. Kf3 Rd2 55. Bf5 Rd8 56. Rc7 Bb4 57. Bg6 Rg8 58. Rh7# 1-0

[Event "SUI-chT"]
[Site "Switzerland"]
[Date "2004.02.29"]
[Round "1.4"]
[White "Gallagher, Joseph G"]
[Black "Nemet, Ivan"]
[Result "1/2-1/2"]
[WhiteElo "2538"]
[BlackElo "2381"]
[PlyCount "119"]
[EventDate "2004.02.29"]
[EventType "team-tourn"]
[EventRounds "9"]
[EventCountry "SUI"]
[SourceTitle "CBM 099 Extra"]
[Source "ChessBase"]
[SourceDate "2004.05.04"]
[SourceVersion "1"]
[SourceVersionDate "2004.05.04"]
[SourceQuality "1"]
[WhiteTeam "Biel"]
[BlackTeam "Riehen"]
[WhiteTeamCountry "SUI"]
[BlackTeamCountry "SUI"]

1. e4 c5 2. Nf3 d6 3. d4 cxd4 4. Nxd4 Nf6 5. Nc3 a6 6. Be3 e5 7. Nb3 Be6 8. f3 Nbd7 9. g4 b5 10. g5 b4 11. Nd5 Nxd5 12. exd5 Bf5 13. Bd3 Bxd3 14. Qxd3 Be7 15. Rg1 Qc7 16. 0-0-0 0-0 17. Kb1 a5 18. Nd2 f5 19. gxf6 Nxf6 20. f4 exf4 21. Bxf4 Rac8 22. Be3 Nd7 23. Bd4 Bf6 24. Bxf6 Nxf6 25. Nb3 Rf7 26. Nd4 Qc4 27. Nf5 Qxd3 28. Rxd3 Rd7 29. Re1 Kf7 30. Re6 Rcd8 31. Nxg7 Rf8 32. Nf5 Nxd5 33. Re1 Nf4 34. Rxd6 Rxd6 35. Nxd6+ Kg6 36. Nc4 Rf5 37. b3 Nd5 38. Kb2 Nc3 39. a3 h5 40. axb4 axb4 41. Ne5+ Kg5 42. Nd3 Nd5 43. Re4 h4 44. h3 Nf4 45. Nf2 Nd5 46. Rg4+ Kh5 47. Nd3 Rf3 48. Rd4 Nf6 49. Rxb4 Kg5 50. Rb5+ Kh6 51. Rb6 Kg5 52. Rb5+ Kh6 53. b4 Rxh3 54. Nf4 Rf3 55. Rf5 h3 56. Rxf6+ Kg5 57. Rg6+ Kxf4 58. Rh6 Kg3 59. b5 h2 60. b6 1/2-1/2

[Event "Basel Hilton op 06th"]
[Site "Basel"]
[Date "2004.01.02"]
[Round "3"]
[White "Nemet, Ivan"]
[Black "Schmid, Marcel"]
[Result "1-0"]
[WhiteElo "2383"]
[BlackElo "2052"]
[PlyCount "45"]
[EventDate "2004.01.01"]
[EventType "swiss"]
[EventRounds "7"]
[EventCountry "SUI"]
[SourceTitle "CBM 098 Extra"]
[Source "ChessBase"]
[SourceDate "2004.03.10"]
[SourceVersion "2"]
[SourceVersionDate "2004.03.10"]
[SourceQuality "1"]

1. d4 d5 2. Nf3 Nc6 3. c4 e5 4. cxd5 Qxd5 5. Nc3 Bb4 6. e3 exd4 7. exd4 Bg4 8. Be2 0-0-0 9. Be3 Nge7 10. 0-0 Qd7 11. Qa4 Nd5 12. Nxd5 Qxd5 13. Rac1 Bd6 14. h3 h5 15. Rxc6 bxc6 16. hxg4 hxg4 17. Ne5 Bxe5 18. Bxg4+ f5 19. Bxf5+ Rd7 20. dxe5 Qxe5 21. Qa6+ Kd8 22. Bg5+ Re7 23. Qc8# 1-0

[Event "Interlaken op"]
[Site "Interlaken"]
[Date "2003.12.29"]
[Round "6"]
[White "Nemet, Ivan"]
[Black "Hort, Vlastimil"]
[Result "0-1"]
[WhiteElo "2381"]
[BlackElo "2546"]
[PlyCount "106"]
[EventDate "2003.12.26"]
[EventType "swiss"]
[EventRounds "7"]
[EventCountry "SUI"]
[SourceTitle "CBM 098 Extra"]
[Source "ChessBase"]
[SourceDate "2004.03.10"]
[SourceVersion "2"]
[SourceVersionDate "2004.03.10"]
[SourceQuality "1"]

1. Nf3 c5 2. e4 e6 3. d4 cxd4 4. Nxd4 a6 5. Bd3 Bc5 6. Nb3 Ba7 7. Nc3 Nc6 8. Qe2 d6 9. Be3 Bxe3 10. Qxe3 Nf6 11. f4 0-0 12. 0-0-0 Qc7 13. g4 Nd7 14. Qh3 Nb4 15. a3 Nxd3+ 16. Qxd3 d5 17. exd5 Qxf4+ 18. Kb1 Ne5 19. Qe2 f6 20. d6 Rf7 21. Rhg1 Bd7 22. Nd4 Raf8 23. Rg3 Re8 24. Re3 b5 25. Re4 Qh6 26. Qf2 Nc4 27. Nf3 Bc6 28. Re2 Rd7 29. g5 fxg5 30. b3 Rf8 31. bxc4 g4 32. Qc5 Bxf3 33. Rf2 bxc4 34. Ne4 Qf4 35. Ng5 Qf5 36. Qxf5 exf5 37. Rd4 Rfd8 38. Rfd2 Re8 39. Rxc4 h6 40. Rc7 Red8 41. Ne6 Rxd6 42. Rxg7+ Kh8 43. Rxd6 Rxd6 44. Re7 Rd2 45. Ng7 Rxh2 46. Nxf5 Rh5 47. Nd4 Bd5 48. Ne2 Rg5 49. Rd7 h5 50. Nf4 g3 51. Nxd5 g2 52. Nf6 g1Q+ 53. Ka2 Rg7 0-1

[Event "Interlaken op"]
[Site "Interlaken"]
[Date "2003.12.28"]
[Round "4"]
[White "Nemet, Ivan"]
[Black "Sadeghi, Hassan Roger"]
[Result "0-1"]
[WhiteElo "2381"]
[BlackElo "2150"]
[PlyCount "110"]
[EventDate "2003.12.26"]
[EventType "swiss"]
[EventRounds "7"]
[EventCountry "SUI"]
[SourceTitle "CBM 098 Extra"]
[Source "ChessBase"]
[SourceDate "2004.03.10"]
[SourceVersion "2"]
[SourceVersionDate "2004.03.10"]
[SourceQuality "1"]

1. d4 d5 2. Nf3 c5 3. c4 dxc4 4. d5 Nf6 5. Nc3 a6 6. a4 e6 7. e4 exd5 8. e5 Be6 9. exf6 Nc6 10. Be2 gxf6 11. 0-0 d4 12. Qe1 dxc3 13. Bxc4 Qd6 14. Qxc3 0-0-0 15. Bxe6+ Qxe6 16. Bf4 Qf5 17. Bg3 Be7 18. Rfe1 Rd7 19. Rac1 Rhd8 20. Qb3 Qd5 21. Qb6 c4 22. Qe3 Bb4 23. Rf1 b5 24. Qb6 Ra7 25. Nd4 Nxd4 26. Qb8+ Kd7 27. Qxa7+ Ke8 28. Rce1+ Bxe1 29. Rxe1+ Kf8 30. f3 Nf5 31. Bf2 Ra8 32. Qb6 Kg7 33. a5 Qd6 34. Qxd6 Nxd6 35. Bc5 Nf5 36. g4 Rc8 37. Bf2 Nd6 38. Rd1 Rc6 39. Be1 Nb7 40. Bc3 Nd6 41. g5 Ne8 42. Re1 Re6 43. Rxe6 fxe6 44. Kf2 Kg6 45. Ke3 fxg5 46. Kd4 Nf6 47. Be1 Nd7 48. Bg3 Kf5 49. Bd6 h5 50. Bc7 h4 51. Bd6 g4 52. fxg4+ Kxg4 53. Ke4 Kh3 54. Be7 Kxh2 55. Bxh4 Kg2 0-1